[Event "Locri op 3rd"]
[Site "Locri"]
[Date "2015.07.19"]
[Round "9"]
[White "Laketic, Gojko"]
[Black "Familari, Giuseppe"]
[Result "1-0"]
[WhiteElo "2422"]
[BlackElo "1973"]
[PlyCount "65"]
[EventDate "2015.07.13"]
[EventType "swiss"]
[EventRounds "9"]
[EventCountry "ITA"]
[SourceTitle "EXT 2024"]
[Source "ChessBase"]
[SourceDate "2023.10.10"]
[SourceVersion "1"]
[SourceVersionDate "2023.10.10"]
[SourceQuality "1"]

1. d4 Nf6 2. Nf3 e6 3. c4 b6 4. g3 Bb7 5. Bg2 d6 6. 0-0 Nbd7 7. Re1 Be7 8. d5 e5 9. Nc3 0-0 10. e4 Re8 11. a3 Bf8 12. b4 g6 13. Bg5 Bg7 14. Qd2 a6 15. h3 Qb8 16. Rab1 Qa7 17. Rb3 Rac8 18. Be3 Qa8 19. Qd3 Bf8 20. Nd2 c6 21. Reb1 cxd5 22. cxd5 b5 23. a4 bxa4 24. Nxa4 Rc7 25. Nc4 Qc8 26. Rc3 h5 27. Rbc1 Kh7 28. Nxd6 Bxd6 29. Rxc7 Bxc7 30. d6 Qa8 31. dxc7 Rc8 32. Qd6 Kg7 33. f3 1-0

[Event "Reggio Calabria Province-ch"]
[Site "Calabria"]
[Date "2012.05.05"]
[Round "3"]
[White "Falcomata, Gesualdo"]
[Black "Familari, Giuseppe"]
[Result "1/2-1/2"]
[WhiteElo "2065"]
[BlackElo "1958"]
[PlyCount "33"]
[EventDate "2012.05.04"]
[EventType "swiss"]
[EventRounds "5"]
[EventCountry "ITA"]
[SourceTitle "EXT 2014"]
[Source "ChessBase"]
[SourceDate "2013.11.20"]
[SourceVersion "1"]
[SourceVersionDate "2013.11.20"]
[SourceQuality "1"]

1. c4 Nf6 2. Nf3 Nc6 3. g3 e5 4. Bg2 d5 5. cxd5 Nxd5 6. d3 Nb6 7. Nc3 Be6 8. Ng5 Bg4 9. a4 h6 10. Nf3 a5 11. Be3 Be7 12. Rc1 Qd7 13. Nb5 Nd5 14. Bc5 0-0 15. 0-0 Ndb4 16. Bxb4 axb4 17. b3 1/2-1/2

[Event "Amantea op-A 8th"]
[Site "Amantea"]
[Date "2010.08.29"]
[Round "1"]
[White "Familari, Giuseppe"]
[Black "Ljubisavljevic, Zivojin Z"]
[Result "0-1"]
[WhiteElo "1947"]
[BlackElo "2271"]
[PlyCount "58"]
[EventDate "2010.08.29"]
[EventType "swiss"]
[EventRounds "9"]
[EventCountry "ITA"]
[SourceTitle "CBM 138 Extra"]
[Source "ChessBase"]
[SourceDate "2010.10.29"]
[SourceVersion "1"]
[SourceVersionDate "2010.10.29"]
[SourceQuality "1"]

1. e4 g6 2. d4 Bg7 3. Nc3 d6 4. Be3 c6 5. h4 h5 6. Nh3 b5 7. Qd2 b4 8. Ne2 a5 9. Ng5 Ba6 10. f3 Nd7 11. Nf4 Bxf1 12. Rxf1 Qb6 13. 0-0-0 Qb5 14. Rfe1 Nh6 15. e5 dxe5 16. dxe5 0-0-0 17. e6 Ne5 18. Qe2 Qxe2 19. Nxe2 f6 20. Ne4 Nc4 21. Bd4 Nf5 22. Bc5 Bh6+ 23. Kb1 Be3 24. Bxe3 Ncxe3 25. Rxd8+ Rxd8 26. Nf4 Nxh4 27. Kc1 Nhxg2 28. Nxg2 Nxg2 29. Rg1 Nf4 0-1

[Event "Filadelfia op 1st"]
[Site "Filadelfia"]
[Date "2009.12.06"]
[Round "2"]
[White "Arnetta, Maria Teresa"]
[Black "Familari, Giuseppe"]
[Result "1-0"]
[WhiteElo "2046"]
[BlackElo "1832"]
[PlyCount "47"]
[EventDate "2009.12.05"]
[EventType "swiss"]
[EventRounds "7"]
[EventCountry "ITA"]
[SourceTitle "EXT 2012"]
[Source "ChessBase"]
[SourceDate "2011.11.24"]
[SourceVersion "1"]
[SourceVersionDate "2011.11.24"]
[SourceQuality "1"]

1. e4 d6 2. d4 Nf6 3. Nc3 e5 4. dxe5 dxe5 5. Qxd8+ Kxd8 6. Bg5 Be6 7. 0-0-0+ Nbd7 8. f4 exf4 9. Nf3 h6 10. Bxf4 c6 11. Nd4 Bg4 12. Rd3 Bb4 13. h3 Bh5 14. e5 Bg6 15. exf6 Bxd3 16. fxg7 Rg8 17. Bxd3 Bxc3 18. bxc3 Rxg7 19. g4 Nc5 20. Bf5 h5 21. gxh5 Nd7 22. h6 Rg8 23. h7 Rh8 24. Re1 1-0

[Event "Filadelfia op 1st"]
[Site "Filadelfia"]
[Date "2009.12.05"]
[Round "1"]
[White "Familari, Giuseppe"]
[Black "Bellantoni, Corrado"]
[Result "1-0"]
[WhiteElo "1832"]
[BlackElo "1464"]
[PlyCount "51"]
[EventDate "2009.12.05"]
[EventType "swiss"]
[EventRounds "7"]
[EventCountry "ITA"]
[SourceTitle "EXT 2012"]
[Source "ChessBase"]
[SourceDate "2011.11.24"]
[SourceVersion "1"]
[SourceVersionDate "2011.11.24"]
[SourceQuality "1"]

1. e4 c5 2. Nf3 Nc6 3. d4 cxd4 4. Nxd4 e6 5. Nc3 a6 6. Be2 Nf6 7. Be3 Be7 8. 0-0 0-0 9. f4 d6 10. g4 Nxd4 11. Bxd4 e5 12. Be3 Re8 13. g5 Nd7 14. Qd2 exf4 15. Bxf4 Ne5 16. Rad1 Be6 17. h4 b5 18. Nd5 Bf8 19. Qe1 Bxd5 20. Rxd5 Qb6+ 21. Kh1 Rac8 22. Bd1 Nc4 23. Bh5 Ne5 24. Bxe5 g6 25. Bd4 Rxe4 26. Qxe4 1-0

[Event "Cutro op-B 15th"]
[Site "Cutro"]
[Date "2009.04.22"]
[Round "3"]
[White "Familari, Giuseppe"]
[Black "Paragliola, Gennaro"]
[Result "1-0"]
[WhiteElo "1861"]
[BlackElo "1635"]
[PlyCount "61"]
[EventDate "2009.04.20"]
[EventType "swiss"]
[EventRounds "7"]
[EventCountry "ITA"]
[SourceTitle "EXT 2011"]
[Source "ChessBase"]
[SourceDate "2010.11.26"]
[SourceVersion "1"]
[SourceVersionDate "2010.11.26"]
[SourceQuality "1"]

1. d4 Nf6 2. c4 d6 3. Nc3 g6 4. e4 Bg7 5. f3 0-0 6. Be3 e5 7. Nge2 exd4 8. Nxd4 Nbd7 9. Qd2 Re8 10. 0-0-0 a5 11. h4 h5 12. Be2 Ne5 13. Bg5 b6 14. Nd5 Ba6 15. Kb1 c6 16. Ne3 Qc7 17. Bxf6 Bxf6 18. g4 Rab8 19. gxh5 b5 20. cxb5 Bxb5 21. Bxb5 cxb5 22. Nd5 Qd8 23. hxg6 fxg6 24. Qg2 Kf7 25. f4 Nc4 26. Nc6 Qc8 27. Nxb8 Qxb8 28. Nxf6 Kxf6 29. Qg5+ Kf7 30. h5 Rg8 31. hxg6+ 1-0

[Event "Bagnara Calabra op-B"]
[Site "Bagnara Calabra"]
[Date "2009.01.05"]
[Round "5"]
[White "Caporale, Giuseppe Guido"]
[Black "Familari, Giuseppe"]
[Result "1/2-1/2"]
[WhiteElo "1815"]
[BlackElo "1822"]
[PlyCount "61"]
[EventDate "2009.01.02"]
[EventType "swiss"]
[EventRounds "7"]
[EventCountry "ITA"]
[SourceTitle "CBM 128 Extra"]
[Source "ChessBase"]
[SourceDate "2009.03.05"]
[SourceVersion "2"]
[SourceVersionDate "2009.03.25"]
[SourceQuality "1"]

1. e4 c5 2. Nf3 a6 3. d4 cxd4 4. Nxd4 Nf6 5. Bd3 e5 6. Nf3 d5 7. Nbd2 Nc6 8. c3 Bc5 9. 0-0 0-0 10. Qc2 Bg4 11. exd5 Qxd5 12. Ne4 Nxe4 13. Bxe4 Qd6 14. Bxh7+ Kh8 15. Be4 f5 16. Bxc6 bxc6 17. Nd2 Qg6 18. Re1 e4 19. Kh1 Bxf2 20. Rf1 Ba7 21. Nc4 Rae8 22. Be3 Bb8 23. Bf4 Bxf4 24. Rxf4 Qg5 25. Qf2 Qd8 26. Qg3 g5 27. Rf2 Qd3 28. Ne3 f4 29. Qxg4 fxe3 30. Qh5+ Kg7 31. Qxg5+ 1/2-1/2

[Event "Cutro op-B 14th"]
[Site "Cutro"]
[Date "2008.04.25"]
[Round "1"]
[White "Familari, Giuseppe"]
[Black "Sansosti, Simona"]
[Result "1-0"]
[WhiteElo "1801"]
[BlackElo "1452"]
[PlyCount "67"]
[EventDate "2008.04.25"]
[EventType "swiss"]
[EventRounds "7"]
[EventCountry "ITA"]
[SourceTitle "EXT 2009"]
[Source "ChessBase"]
[SourceDate "2008.11.26"]
[SourceVersion "1"]
[SourceVersionDate "2008.11.26"]
[SourceQuality "1"]

1. d4 Nf6 2. Nf3 d5 3. Bg5 Nbd7 4. e3 e6 5. c4 c5 6. Nc3 Qa5 7. Bd3 dxc4 8. Bxc4 Ne4 9. Qa4 Qxa4 10. Nxa4 Nxg5 11. Nxg5 cxd4 12. exd4 Bb4+ 13. Nc3 0-0 14. 0-0-0 Nb6 15. Bd3 a5 16. Bxh7+ Kh8 17. Bd3 a4 18. a3 Ba5 19. Nge4 Nd5 20. Nxa4 Bd7 21. Nac5 Bc6 22. b4 Bb6 23. Kb2 Rad8 24. Bc4 Nf4 25. Ng5 Kg8 26. Nf3 Nxg2 27. Ne5 Bxc5 28. Nxc6 bxc6 29. dxc5 e5 30. Kb3 g6 31. a4 Kg7 32. b5 cxb5 33. axb5 Rb8 34. Rd7 1-0